রাজ্য-রাজা-রাজধানী : (Record no. 6416)
[ view plain ]
| 000 -LEADER | |
|---|---|
| fixed length control field | 00758nam a2200217 a 4500 |
| 001 - CONTROL NUMBER | |
| JCCL Control Number | 6416 |
| 003 - CONTROL NUMBER IDENTIFIER | |
| JCCL marc code | BD-JhCC |
| 005 - DATE AND TIME OF LATEST TRANSACTION | |
| control field | 20180123182126.0 |
| 008 - FIXED-LENGTH DATA ELEMENTS--GENERAL INFORMATION | |
| fixed length control field | 171104s1982 bg |||| ||a| 000 0 ben d |
| 035 ## - SYSTEM CONTROL NUMBER | |
| system control number | (BD-JhCC) 6416 |
| 040 ## - CATALOGING SOURCE | |
| Original cataloging agency | BD-JhCC |
| Modifying agency | BD-JhCC |
| 041 ## - LANGUAGE CODE | |
| Language code of Book | ben |
| 082 ## - DEWEY DECIMAL CLASSIFICATION NUMBER | |
| Classification number | 891.442 |
| Author mark and Year | SHA 1982 |
| 100 ## - MAIN ENTRY--PERSONAL NAME | |
| Personal name | শাইখ, আসকার ইবনে |
| 245 ## - TITLE STATEMENT | |
| Title | রাজ্য-রাজা-রাজধানী : |
| Remainder of title | প্রথম ও দ্বিতীয় পর্যায় / |
| Statement of responsibility, etc | আসকার ইবনে শাইখ |
| 260 ## - PUBLICATION, DISTRIBUTION, ETC. (IMPRINT) | |
| Place of publication, distribution, etc | ঢাকা : |
| Name of publisher, distributor, etc | ইসলামিক ফাউন্ডেশন বাংলাদেশ , |
| Date of publication, distribution, etc | 1982. |
| 300 ## - PHYSICAL DESCRIPTION | |
| Pagination | 522 p .: |
| Dimensions | 22 cm . |
| 650 ## - SUBJECT ADDED ENTRY--TOPICAL TERM | |
| Topical term or geographic name as entry element | Islamic Drama |
| 942 ## - ADDED ENTRY ELEMENTS (KOHA) | |
| Source of classification or shelving scheme | Dewey Decimal Classification |
| Koha item type | Books |
| Source of classification or shelving scheme | Damaged status | Not for loan | Home library | Current library | Shelving location | Date of accession | Cost, normal purchase price | Total Checkouts | Full call number | Barcode | Date last seen | Copy number | Koha item type |
|---|---|---|---|---|---|---|---|---|---|---|---|---|---|
| Dewey Decimal Classification | JCC Rouf Library | JCC Rouf Library | General Stacks | 01/23/2018 | 50.00 | 891.442 SHA 1982 | 630 | 01/23/2018 | C-1 | Books |